000 00569nam a2200193 i 4500
001 115190
003 ES-MaACL
007 t|
008 070226s1911 sp ||||1| spa d
080 _a821.134.2-32"19"
100 0 _aNoel, Eugenio,
_d1885-1936
_985823
245 1 3 _aEl crimen de un partido político /
_cpor Eugenio Nöel.
260 _aMadrid :
_bEl Cuento Semanal,
_c1911.
300 _a20 p. :
_bil. ;
_c26 cm.
490 1 _aEl cuento semanal ;
_v222
830 0 3 _aEl cuento semanal
_v222
_9185957
852 _aES-MaACL
_jG-4447(13)
999 _c115190
_d115190